| 000 | 00430nam a22001697a 4500 | ||
|---|---|---|---|
| 003 | CEME | ||
| 005 | 20210628202139.0 | ||
| 008 | 210113b xxu||||| |||| 00| 0 eng d | ||
| 020 | _a9788131715109 | ||
| 040 | _c. | ||
| 082 | _a004.62 TOH | ||
| 100 |
_aToh, C.K _958455 |
||
| 245 | _aAd hoc mobile wireless networks, protocols and systems | ||
| 260 |
_aINDIA _bPEARSON EDUCATION _c2007 |
||
| 300 | _aXX, 302P | ||
| 942 |
_cBK _2ddc |
||
| 999 |
_c568653 _d568653 |
||